Who's Stronger? - Statistics

General Stats
  • This quiz has been taken 3 times
  • The average score is 12 of 15
Answer Stats
Question Answer % Correct
Who's stronger, Goku, Zoro, Mashle or Kisuke? Goku
100%
Who's stronger, Goku, Ichigo, Yusuke or Vash? Goku
100%
Who's stronger, Goku, Superman, Batman or DarkSeid? Goku
100%
Who's stronger, Goku, Sho, Baki or Jayden Yugi? Goku
100%
Who's stronger, Goku, Yamamoto, Yhwach or Soul King? Goku
100%
Who's stronger, Goku, Luffy, Mikasa or Jon Jones? Goku
100%
Who's stronger, Goku, Vegeta, Itadore or Gon? Goku
100%
Who's stronger, Killua, Goku, Naruto or Sasuke? Goku
100%
Who's stronger, Goku, Asta, Jostar or Dave? Goku
100%
Who's stronger, Goku, Goku, Imu or Byakuya? Goku
50%
Who's stronger, Goku, Anos, Hajun or Shinra? Goku
50%
Who's stronger, Goku, Joy Boy, Imu or Anti-Spiral? Goku
50%
Who's stronger, Goku, Featherine, Giorno or Rimuru? Goku
50%
Who's stronger, Goku, Yujiro, Wang Ling or Mob? Yujiro
50%
Who's stronger, Goku, Gojo, Saitama or Eren? Goku
0%
No matching quizzes found
Score Distribution
Percent of People with Each Score
Percentile by Number Answered
Your Score History
You have not taken this quiz